| 000 | 00576nab a2200241 a 4500 | ||
|---|---|---|---|
| 001 | 53552 | ||
| 003 | 124120 | ||
| 005 | 20201118102924.0 | ||
| 008 | ||||||n9999 ||| || || | ||
| 041 | _aspa | ||
| 245 | 0 | _aJugando con el paro | |
| 260 |
_aEspaña : _bFEDER, _c1998. |
||
| 300 | _app.32-33 | ||
| 562 | _e0 | ||
| 650 | _aARTICULOS | ||
| 650 | _aDESEMPLEO--IBAGUÉ (COLOMBIA) | ||
| 650 | _aEUROPA | ||
| 650 | _aJUVENTUD | ||
| 650 | _aMÉTODOS PEDAGÓGICOS | ||
| 650 | _aPROGRAMAS DE DESARROLLO | ||
| 773 |
_051976 _aCarta Local - No.90 |
||
| 942 | _cSART | ||
| 999 |
_c53552 _d53552 |
||